|
|
|
|
| LEADER |
01071nam a2200229 4500 |
| 001 |
DLU170180247 |
| 005 |
##20170616 |
| 040 |
# |
# |
|a DLU
|b vie
|
| 041 |
# |
# |
|a vie
|
| 044 |
# |
# |
|a vn
|
| 100 |
# |
# |
|a Nguyễn Quốc Cường.
|
| 245 |
# |
# |
|a Nghiên cứu khả năng sinh trưởng và phát triển của cây cỏ ngọt (Stevia rebaudiana Bertoni) trồng tại xã Hòa Phước, huyện Hòa Vang, thành phố Đà Nẵng =
|b A research on the growth and development ability of stevia (Stevia rebaudiana Bertoni) planted in Hoa Phuoc commune, Hoa Vang district, Da Nang city /
|c Nguyễn Quốc Cường, Nguyễn Tấn Lê.
|
| 700 |
# |
# |
|a Nguyễn Tấn Lê.
|
| 773 |
# |
# |
|t Tạp chí Khoa học Đại học Sư phạm TP. Hồ Chí Minh: Khoa học tự nhiên và công nghệ
|g Số 12(78), 2015, tr. 170-177
|
| 920 |
# |
# |
|a Phòng Tạp chí -- Trung tâm Thông tin - Thư viện Trường Đại học Đà Lạt
|
| 900 |
# |
# |
|a True
|
| 911 |
# |
# |
|a Hoàng Thị Huyền
|
| 925 |
# |
# |
|a G
|
| 926 |
# |
# |
|a A
|
| 927 |
# |
# |
|a BB
|
| 980 |
# |
# |
|a Thư viện Trường Đại học Đà Lạt
|